000 01575cam0 2200385 ib4500
001 BY-VI0017-br169370
005 20260415165603.0
010 ^bв переплете
100 ^a20190102d1985 cd y0rusy50 ca
101 0 ^arus
102 ^aRU
105 ^aa z 000yy
109 ^ama
181 ^ai2
182 ^an
200 1 ^aМоя первая зоология
^e[рассказы
^eдля младшего и среднего школьного возраста]
^fЕ. И. Чарушин
^g[рисунки Н. Е. Чарушина]
203 ^aТекст
^cнепосредственный
210 ^aЛенинград
^cХудожник РСФСР
^d1985
215 ^a[60] с.
^cил.
^d28 см
345 ^9100 000 экз.
606 ^aХУДОЖЕСТВЕННАЯ ЛИТЕРАТУРА
^2DVNLB
^3BY-NLB-ar37179
608 ^aДЕТСКАЯ ЛИТЕРАТУРА (лит. произведение)
^2BYGNR
^3BY-NLB-ar9019
608 ^aРАССКАЗ
^2BYGNR
^3BY-NLB-ar27475
686 ^a84(2=411.2)6
^2rubbk
690 ^a1
^2Base
^9BY-MI0021
^xRSEK
700 1 ^aЧарушин
^bЕ. И.
^gЕвгений Иванович
^f1901—1965
^3BY-NLB-ar2488248
702 1 ^aЧарушин
^bН. Е.
^gНикита Евгеньевич
^3BY-SEK-ar4682834
^4440
801 0 ^aBY
^bBY-VI0017
^c20190102
^gpsbo
801 2 ^aBY
^bBY-VI0017
^c20190717
^gpsbo
801 2 ^aBY
^bBY-MI0021
^c20260407
^gRCR
035 ^a(BY-MI0021)BY-VI0017-br169370
899 0 ^aBY-MI0021
^iЧ-23
^h84(2=411.2)6